000 00833nam a2200301Ia 4500
003 OSt
005 20250602151220.0
008 210210b2010 xxu||||| |||| 00| 0 eng d
020 _a9789381195000
040 _cAL
041 _aeng
082 _a346.065 RAMB
100 _aRAMAN (B S)
_9212334
245 _aBusiness laws
260 _aMangalore
_bUnited publishers
_c2010
300 _aviii,1069
650 _aproperty
_9212335
650 _apartnership
_9212336
650 _alaw
_9212337
650 _ainsurance
_9212338
650 _ainformation technology act 2000
_9212339
650 _aforeign exchange management act 1999
_9212340
650 _aenvironment protection act 1986
_9212341
650 _acontracts
_9212342
650 _aconsumer protection act 1986
_9212343
906 _a065737
942 _2ddc
_cBK
999 _c146303
_d146303